| 000 | 00863nam a2200217Ia 4500 | ||
|---|---|---|---|
| 001 | 1205 | ||
| 003 | GE_BSU | ||
| 008 | 181216s||||||||xx |||||||||||||| ||und|| | ||
| 040 | _cGE_BSU | ||
| 080 | _a634.1 | ||
| 100 | _aჭანურვაძე, ლევან | ||
| 245 | _aნიადაგის დამულჩვის გავლენა ლიმონმეიერის ზრდა განვითარებას და პროდიქტიულობაზე. | ||
| 245 | _cრედ.რეზო ჯაბნიძე | ||
| 260 | _aბათუმი | ||
| 260 | _bალიონი | ||
| 260 | _c2009 | ||
| 300 | _a88 გვ. 2ო სმ. | ||
| 541 | _h5 ლ. | ||
| 653 | _aლიმონმეიერის ზრდა განვითარებადა პროდუქტიულობა | ||
| 942 | _cBK | ||
| 999 |
_c35352 _d35352 |
||